logo

Bir Sreshtho Munshi Abdur Rouf Library
Jhenaidah Cadet College

ক্রিকেট খেলার আইন-কানুন / (Record no. 8255)

MARC details
000 -LEADER
fixed length control field 00723nam a2200217 a 4500
001 - CONTROL NUMBER
JCCL Control Number 8255
003 - CONTROL NUMBER IDENTIFIER
JCCL marc code BD-JhCC
005 - DATE AND TIME OF LATEST TRANSACTION
control field 20180220111754.0
008 - FIXED-LENGTH DATA ELEMENTS--GENERAL INFORMATION
fixed length control field 180127s1993 bg a|||| || | 000 0 ben d
035 ## - SYSTEM CONTROL NUMBER
system control number (BD-JhCC)8255
040 ## - CATALOGING SOURCE
Original cataloging agency BD-JhCC
Modifying agency BD-JhCC
041 ## - LANGUAGE CODE
Language code of Book ben
082 ## - DEWEY DECIMAL CLASSIFICATION NUMBER
Classification number 344.41099
Author mark and Year PAR 1993
100 ## - MAIN ENTRY--PERSONAL NAME
Personal name পারভেজ, সৈয়দ মাজহারুল
245 ## - TITLE STATEMENT
Title ক্রিকেট খেলার আইন-কানুন /
Statement of responsibility, etc সৈয়দ মাজহারুল পারভেজ,
260 ## - PUBLICATION, DISTRIBUTION, ETC. (IMPRINT)
Place of publication, distribution, etc ঢাকা :
Name of publisher, distributor, etc আর্শিবাদ প্রকাশনী,
Date of publication, distribution, etc 1993.
300 ## - PHYSICAL DESCRIPTION
Pagination 64 p. :
Dimensions 20 cm.
650 ## - SUBJECT ADDED ENTRY--TOPICAL TERM
Topical term or geographic name as entry element Cricket Law
942 ## - ADDED ENTRY ELEMENTS (KOHA)
Source of classification or shelving scheme Dewey Decimal Classification
Koha item type Books
Holdings
Source of classification or shelving scheme Damaged status Not for loan Home library Current library Shelving location Date of accession Cost, normal purchase price Total Checkouts Full call number Barcode Date last seen Copy number Koha item type
Dewey Decimal Classification     JCC Rouf Library JCC Rouf Library General Stacks 02/20/2018 40.00   344.41099 PAR 1993 10719 02/20/2018 C-1 Books

JCC Library | Contacts | JCC Home

Last Update on 23 September 2017
Copyright @ 2017-2020 JCC Rouf Library
Rouf Library, Jhenidah Cadet College (JCC), Bangladesh